Normal view
MARC view
- الجغرافية-دراسة وتعليم
Entry Topical Term
001 - CONTROL NUMBER
- control field: 11961
003 - CONTROL NUMBER IDENTIFIER
- control field: JO-AjAnu
005 - DATE AND TIME OF LATEST TRANSACTION
- control field: 20230606072222.0
008 - FIXED-LENGTH DATA ELEMENTS
- fixed length control field: 230606|| aca||aabn | a|a d
040 ## - CATALOGING SOURCE
- Original cataloging agency: JO-AjAnu
- Transcribing agency: JO-AjAnu
150 ## - HEADING--TOPICAL TERM
- Topical term or geographic name entry element: الجغرافية-دراسة وتعليم
670 ## - SOURCE DATA FOUND
- Source citation: Work cat.: (JO-AjAnu)6160: تايف واعداد ابو عيانه، فتحي وآخرون, author 11960, دراسات في المكتبة الجغرافية